Eastern Utah Libraries Catalog: Duchesne, Heber, Roosevelt, & Vernal

Serpentine / (Record no. 368574)

MARC details
000 -LEADER
fixed length control field 02488cam a2200361 i 4500
001 - CONTROL NUMBER
control field on1149196996
003 - CONTROL NUMBER IDENTIFIER
control field OCoLC
005 - DATE AND TIME OF LATEST TRANSACTION
control field 20230906061510.0
008 - FIXED-LENGTH DATA ELEMENTS--GENERAL INFORMATION
fixed length control field 221118s2023 onc 000 1 eng d
020 ## - INTERNATIONAL STANDARD BOOK NUMBER
International Standard Book Number 9780525618553
040 ## - CATALOGING SOURCE
Original cataloging agency DLC
Language of cataloging eng
Description conventions rda
Transcribing agency DLC
Modifying agency TnLvILS
082 ## - DEWEY DECIMAL CLASSIFICATION NUMBER
Edition number F Kellerman
092 ## - LOCALLY ASSIGNED DEWEY CALL NUMBER (OCLC)
Classification number F Kellerman
100 1# - MAIN ENTRY--PERSONAL NAME
Personal name Kellerman, Jonathan,
Relator term author.
9 (RLIN) 9939
245 10 - TITLE STATEMENT
Title Serpentine /
Statement of responsibility, etc Jonathan Kellerman.
250 ## - EDITION STATEMENT
Edition statement First edition.
264 #1 - Production, Publication, Distribution, Manufacture, and Copyright Notice.
Place of production, publication, distribution, manufacture New York :
Name of producer, publisher, distributor, manufacturer Ballantine Books,
Date of production, publication, distribution, manufacture, or copyr [2021]
264 #4 - Production, Publication, Distribution, Manufacture, and Copyright Notice.
Date of production, publication, distribution, manufacture, or copyr ©2021.
Place of production, publication, distribution, manufacture New York, NY :
Name of producer, publisher, distributor, manufacturer Ballantine Books
300 ## - PHYSICAL DESCRIPTION
Extent 351 pages ;
Dimensions 25 cm.
336 ## - Content Type
Content type term text
337 ## - Media type
Media type term unmediated
338 ## - Carrier type
Carrier type term volume
490 1# - SERIES STATEMENT
Series statement Alex Delaware novels ;
Volume number/sequential designation [36]
520 ## - SUMMARY, ETC.
Summary, etc "Psychologist Alex Delaware and detective Milo Sturgis search for answers to a brutal, decades-old crime ... LAPD homicide lieutenant Milo Sturgis is a master detective. He has a near-perfect solve rate and he's written his own rule book. Some of those successes--the toughest ones--have involved his best friend, the brilliant psychologist Alex Delaware. But Milo doesn't call Alex in unless cases are 'different.' This murder warrants an immediate call. Milo's independence has been compromised as never before, as the department pressures him to cater to the demands of a mogul: a hard-to-fathom, megarich young woman who is obsessed with reopening the coldest of cases--the decades-old death of the mother she never knew. The facts describe a likely loser: a mysterious woman found with a bullet in her head in a torched Cadillac that has overturned on infamously treacherous Mulholland Drive. No physical evidence, no witnesses, no apparent motive. And a slew of detectives have already worked the case and failed. But as Delaware and Sturgis begin digging, the mist begins to lift. Too many coincidences. Facts turn out to be anything but. And as they soon discover, very real threats lurking in the present"--Provided by publisher.
600 10 - SUBJECT ADDED ENTRY--PERSONAL NAME
Personal name Delaware, Alex
Titles and other words associated with a name (Fictitious character)
Form subdivision Fiction.
9 (RLIN) 5751651
600 10 - SUBJECT ADDED ENTRY--PERSONAL NAME
Personal name Sturgis, Milo
Titles and other words associated with a name (Fictitious character)
Form subdivision Fiction.
9 (RLIN) 5751652
650 #0 - SUBJECT ADDED ENTRY--TOPICAL TERM
Topical term or geographic name as entry element Police
Geographic subdivision California
-- Los Angeles
Form subdivision Fiction.
9 (RLIN) 5694068
650 #0 - SUBJECT ADDED ENTRY--TOPICAL TERM
Topical term or geographic name as entry element Psychologists
Form subdivision Fiction.
9 (RLIN) 5741148
650 #0 - SUBJECT ADDED ENTRY--TOPICAL TERM
Topical term or geographic name as entry element Murder
General subdivision Investigation
Form subdivision Fiction.
9 (RLIN) 5673630
650 #0 - SUBJECT ADDED ENTRY--TOPICAL TERM
Topical term or geographic name as entry element Cold cases (Criminal investigation)
Form subdivision Fiction.
9 (RLIN) 5678704
651 #0 - SUBJECT ADDED ENTRY--GEOGRAPHIC NAME
Geographic name Los Angeles (Calif.)
Form subdivision Fiction.
9 (RLIN) 5674855
942 ## - ADDED ENTRY ELEMENTS (KOHA)
Source of classification or shelving scheme Dewey Decimal Classification
Koha item type BOOK
Holdings
Withdrawn status Lost status Source of classification or shelving scheme Damaged status Not for loan Collection code Home library Current library Shelving location Date acquired Source of acquisition Total Checkouts Total Renewals Full call number Barcode Date last seen Date checked out Cost, replacement price Price effective from Koha item type
    Dewey Decimal Classification     Fiction Wasatch County Library Wasatch County Library First Floor 12/16/2021 Amazon 8 4 F Kellerman 34301002020057 07/28/2025 06/23/2025 28.99 12/16/2021 BOOK
This project was made possible through a grant from the Institute of Museum and Library Service administered by the Utah State Library Division.

Wasatch County Library

  • 465 East 1200 South, Heber City, Utah 84032
  • Phone 435-654-1511 | Fax 435-654-6456

Hours

  • Monday - Friday 9:30 AM - 8:00 PM
  • Saturday 9:30 AM - 1:30 PM
  • Closed Sundays and Holidays